|
|
|
|
| LEADER |
00947nam a2200241 a 4500 |
| 001 |
13190359 |
| 008 |
100513s2003 maua b 001 0 eng d |
| 010 |
|
|
|a 2003052158
|
| 020 |
|
|
|a 0321185781 (alk. paper)
|
| 040 |
|
|
|a DLC
|c DLC
|d DLC
|d BD-DhAAL
|
| 082 |
0 |
0 |
|a 005.7/2
|2 21
|
| 245 |
0 |
4 |
|a The Unicode standard /
|c the Unicode consortium ; edited by Joan Aliprand ... [et al.].
|
| 250 |
|
|
|a Version 4.0.
|
| 260 |
|
|
|a Boston :
|b Addison-Wesley, ;
|a UK :
|b UNI.
|c c2003.
|
| 300 |
|
|
|a xxxviii, 1462 p. :
|b ill. ;
|c 29 cm.
|
| 504 |
|
|
|a Includes bibliographical references (p. 1385-1403) and indexes.
|
| 541 |
1 |
|
|e 00010239
|
| 650 |
|
0 |
|a Unicode (Computer character set)
|
| 700 |
1 |
|
|a Aliprand, Joan.
|
| 710 |
2 |
|
|a Unicode Consortium.
|
| 852 |
4 |
|
|a Ayesha Abed Library
|j General shelf
|
| 999 |
|
|
|c 8570
|d 8570
|
| 952 |
|
|
|0 0
|1 0
|2 ddc
|4 0
|6 005_720000000000000_UNI_2003
|7 0
|9 10190
|a BRACUL
|b BRACUL
|c GEN
|d 2010-05-16
|l 0
|o 005.72 UNI
|p 3010010239
|r 2010-05-16
|t 1
|w 2010-05-16
|y BK
|